As mil e uma noites (Registo nº 1755)

Detalhes MARC
000 -Etiqueta do registo
Cabeçalho 00851nam a22002891 4500
005 - Identificador da versão
Campo de controlo 20240813121915.0
095 ## -
-- PTBN00270103
021 ## - Número do Depósito Legal
Código do país PT
Número 40417/90
100 ## - Dados gerais de processamento
Dados gerais de processamento 20070504d1990 cd y0pory5003 ba
102 ## - Pais de publicação ou produção
País de publicação Portugal
101 0# - Língua de publicação
Língua do texto, banda sonora, etc. Português
105 ## - Campo de dados codificados: livros
Dados codificados dos livros a t 000zy
215 ## - Descrição física 
Indicação específica da natureza do documento e extensão da espécie 48, [1] p.
Outras indicações físicas todo il.
Dimensões 30 cm
200 1# - Titulo e menção de responsabilidade
Título próprio As mil e uma noites
Primeira menção de responsabilidade contadas por Adolfo Simões Müller
Outras menções de responsabilidade il. Fernando Bento
225 2# - Colecção 
Título próprio da colecção Clássicos da BD Portuguesa
205 ## - Menção da edição
Menção da edição 1ª ed.
210 ## - Publicação, Distribuição, etc. 
Lugar da edição, distribuição, etc. Porto
Nome do editor, distribuidor, etc. Asa
Data da publicação, distribuição, etc. 1990
606 ## - Nome comum usado como assunto
Número de registo de entrada de autoridade 0000240
Palavra de ordem Literatura portuguesa infantil
Subdivisão de assunto Banda desenhada
675 ## - Classificação Decimal Universal (CDU)
Notação 821.134.3-9
Edição
Língua da edição por
702 #1 - Nome de autor-pessoa física (responsabilidade secundária)
Número de registo de entrada de autoridade 0000242
Palavra de ordem Bento
Outra parte do nome não tomada para palavra de ordem Fernando
Código de função Ilustrador / Técnico de desenho computorizado
700 #1 - Nome de autor-pessoa física (responsabilidade principal)
Número de registo de entrada de autoridade 0000241
Palavra de ordem Müller
Outra parte do nome não tomada para palavra de ordem Adolfo Simões
Datas 1909-1989
942 ## - Elementos de entrada adicionados (Koha)
Tipo de item no Koha Livro
Exemplares
Situação do levantamento Origin of item (home branch) (coded) Biblioteca de empréstimo Código de barras Cota Circulation type (not for loan) Tipo de documento Nota do exemplar Damaged status
  Biblioteca Escolar da Coca Maravilhas Biblioteca Escolar da Coca Maravilhas BECM3930/98 8BD BEN   Livro Sem mensagem